000 00930cam a22003133a 4500
001 1524
003 PGUSA
005 20140828083002.0
008 981101s1998||||xxu|||||s|||||000 | eng d
040 _aPGUSA
_beng
042 _adc
050 4 _aPR
100 1 _aShakespeare, William,
_d1564-1616
245 1 0 _aHamlet, Prince of Denmark
_h[electronic resource] /
_cWilliam Shakespeare
260 _bProject Gutenberg,
_c1998
506 _aPublic domain in the USA.
516 _aElectronic text
653 _aTragedies
653 _aPrinces -- Drama
653 _aKings and rulers -- Succession -- Drama
653 _aDenmark -- Drama
653 _aRevenge -- Drama
653 _aFathers -- Death -- Drama
653 _aMurder victims' families -- Drama
653 _aHamlet (Legendary character) -- Drama
830 0 _aProject Gutenberg
_v1524
856 4 0 _uhttp://www.gutenberg.org/ebooks/1524
942 _cEB
999 _c230872
_d230872